Every Song by Greta Van Fleet - Statistics

General Stats
  • This quiz has been taken 38 times
  • The average score is 18 of 39
Answer Stats
Album Song % Correct
Black Smoke Rising(2017) Highway Tune
92%
Black Smoke Rising(2017) Black Smoke Rising
83%
Black Smoke Rising(2017) Safari Song
75%
Anthem of the Peaceful Army(2018) Anthem
63%
Anthem of the Peaceful Army(2018) Age of Man
58%
The Battle at Garden's Gate(2021) Heat Above
58%
Black Smoke Rising(2017) Flower Power
54%
The Battle at Garden's Gate(2021) Light My Love
54%
The Battle at Garden's Gate(2021) Age of Machine
50%
Non-Album(2019) Always There
50%
The Battle at Garden's Gate(2021) Broken Bells
50%
Starcatcher(2023) Meeting the Master
50%
Starcatcher(2023) Sacred the Thread
50%
The Battle at Garden's Gate(2021) Caravel
46%
Starcatcher(2023) Farewell for Now
46%
Anthem of the Peaceful Army(2018) Mountain of the Sun
46%
The Battle at Garden's Gate(2021) My Way, Soon
46%
From the Fires(2017) Talk on the Street
46%
Starcatcher(2023) The Archer
46%
The Battle at Garden's Gate(2021) The Barbarians
46%
Starcatcher(2023) The Falling Sky
46%
Starcatcher(2023) The Indigo Streak
46%
The Battle at Garden's Gate(2021) Built by Nations
42%
Starcatcher(2023) Fate of the Faithful
42%
Starcatcher(2023) Frozen Light
42%
Anthem of the Peaceful Army(2018) Lover, Leaver (Taker, Believer)
42%
The Battle at Garden's Gate(2021) Stardust Chords
42%
The Battle at Garden's Gate(2021) The Weight of Dreams
42%
The Battle at Garden's Gate(2021) Trip the Light Fantastic
42%
Starcatcher(2023) Waited All Your Life
42%
Anthem of the Peaceful Army(2018) When the Curtain Falls
42%
Anthem of the Peaceful Army(2018) You're the One
42%
Anthem of the Peaceful Army(2018) Brave New World
38%
Starcatcher(2023) Runway Blues
38%
The Battle at Garden's Gate(2021) Tears of Rain
38%
Anthem of the Peaceful Army(2018) The Cold Wind
33%
Anthem of the Peaceful Army(2018) The New Day
33%
Anthem of the Peaceful Army(2018) Watching Over
25%
From the Fires(2017) From the Fires
17%
No matching quizzes found
Score Distribution
Percent of People with Each Score
Percentile by Number Answered
Your Score History
You have not taken this quiz